000
00329nam a22001337a 4500
008
230523b |||||||| |||| 00| 0 eng d
020
_a
9780600030784
082
_a
598.203 HANP
100
_a
HANZAK,J
245
_a
Pictorial encyclopedia of birds
260
_a
Newyork
_b
Paul Hamlyn
_c
1976
300
_a
581p.
942
_2
ddc
_c
BK
999
_c
2900
_d
2900